1487 1588 1756 1515 1248 1352 1121 1850 1013 1128 1405 1353 1596 1299 1684 1636 1252 1749 1539 1134 1759 1642 1509 1728 1298 1055 1312 1303 1913 1675 1608 1767 1534 1870 1779 1860 1490 1419 1994 1522 1002 1997 1986 1222 1902 1495 1207 1370 1778 1814 1242 1095 1174 1732 1660 1461 1831 1977 1757 1715 1095 1166 1472 1042 1776 1807 1529 1751 1416 1873 1735 1739 1790 1381 1915 1204 1306 1312 1907 1028 1211 1700 1738 1444 1933 1229 1650 1232 1684 1986 1710 1608 1561 1795 1276 1149 1659 1228 1300 BCNSPRNW ULIB Ver.6.0+V

เปลี่ยนเป็นภาษาไทย

Change to English
 แสดงรายละเอียดบรรณานุกรม
  กลับหน้าหลัก

Brief Record : Get Marc (ISO 2709) : E-mail record : QR code < ปิดหน้าต่าง
LEADER : 00000nam 2200000uu 4500
001    13399112834
003     ULIB
008    110913s2549||||th 000 0 tha d
020    9789749424148
050  4 PE1130^bส698จ 2549
100 0  สำราญ
245 00 เจาะโครงสร้างประโยคภาษาอังกฤษ=^bEnglish sentence structure drills/^cสำราญ
246 31 English sentence structure drills
250    พิมพ์ครั้งที่ 1
260    กรุงเทพฯ:^bโรงเรียนกรุงเทพภาษา,^c2549
300    201 หน้า :^bภาพประกอบ
650  7 ภาษาอังกฤษ^xโครงสร้างประโยค
650  7 ภาษาอังกฤษ^xการใช้ภาษา
945    ^p160^l0^i24865
995    กัณชพร
999    ^aใช้งานได้ทุกระบบ
รายการนี้ยังไม่มีแท็ก
คุณยังไม่ได้ล็อกอิน คุณสามารถมีกิจกรรมร่วมกับเว็บไซต์ได้ แต่ต้องล็อกอินก่อน ::
  ล็อกอิน

รายการสื่อสารสนเทศ

ลำดับที่ ประเภท เลขเรียก/บาร์โค้ด สถานที่ สถานะ
1. วิทยาศาสตร์การแพทย์ และสุขภาพ
วิทยาศาสตร์การแพทย์ และสุขภาพ
สถานะ=หนังสือเก่า
PE1130 ส698จ 2549  
  Barcode: 24865
ห้องสมุดวิทยาเขตสวรรค์ประชารักษ์
►หนังสือทั่วไป
บนชั้น

รายการใกล้เคียง
    ผู้แต่ง [สำราญ]

    หัวเรื่อง [ภาษาอังกฤษ การใช้ภาษา]

BibComment


ยังไม่เคยถูกคอมเมนท์

คอมเมนท์ทรัพยากรรายการนี้
  คอมเมนท์: เจาะโครงสร้างประโ..


 Copyright 2026. Bcnsprnw @Library